AToS Acronyms Last update 4/5/2021 - Statistics

General Stats
  • This quiz has been taken 31 times
    17 since last reset
  • The average score is 47 of 85
Answer Stats
# Answer % Correct
2 ToB
83%
52 ToP
83%
49 ToTE
83%
13 CoDC
75%
23 SoC
75%
63 SoS
75%
20 SoSS
75%
4 ToD
75%
50 ToR
75%
bruh CoFF
67%
22 CoVD
67%
44 SoAD
67%
10 SoAG
67%
33 SoTG
67%
19 ToAS
67%
30 ToBPG
67%
53 ToDA
67%
38 ToDIO
67%
18 ToEL
67%
6 ToGaS
67%
48 ToHA
67%
37 ToHD
67%
3 ToHM
67%
28 ToLF
67%
70 ToSaB
67%
7 ToSJ
67%
14 ToSS
67%
1 ToTEM
67%
9 ToTO
67%
72 ToUGH
67%
42 ToWW
67%
75 CoDT
58%
56 CoFO
58%
26 SoRS
58%
bruh ToBaT
58%
41 ToCD
58%
51 ToCE
58%
15 ToCG
58%
40 ToCS
58%
39 ToDDD
58%
55 ToEF
58%
71 ToEM
58%
67 ToFPA
58%
34 ToHS
58%
bruh ToIB
58%
17 ToIF
58%
5 ToMA
58%
45 ToPB
58%
8 ToPO
58%
11 ToSaP
58%
65 ToSBD
58%
36 ToST
58%
64 CoL
50%
12 PNaT
50%
47 ToAC
50%
69 ToAF
50%
68 ToASH
50%
31 ToCP
50%
43 ToCT
50%
21 ToDB
50%
16 ToED
50%
35 ToFaT
50%
27 ToLER
50%
29 ToLH
50%
66 ToMC
50%
24 ToPP
50%
46 ToVCS
50%
76 ToVP
50%
74 ToWU
50%
25 ToBk
42%
32 ToCaIG
42%
81 ToCC
42%
54 ToGR
42%
bruh ToTSC
42%
78 SoPP
33%
80 SoPT
33%
79 SoFT
25%
57 SoPV
25%
73 ToJO
25%
77 SoIC
17%
59 SoLO
17%
61 SoDA
8%
60 SoHD
8%
62 SoRC
8%
58 SoRM
8%
No matching quizzes found
Score Distribution
Percent of People with Each Score
Percentile by Number Answered
Your Score History
You have not taken this quiz since the last reset